=LDR 00000nam 2200000 4500 =001 INLIS000000000036630 =005 20251126040952 =035 ##$$a 0010-061300000036630 =008 251126################g##########0#ind## =041 ##$$a Ind =082 ##$$a 746.44 =090 ##$$a 746.44, Bra s =100 ##$$a Bradford, Jenny =245 1#$$a Seri kerajinan milner Sulam bullion : $b Dari mawar hingga bunga-bunga liar, /$c Jenny Btadford ; penerjemah, Sandi =260 ##$$a Jakarta :$b Gramedia Pustaka Utama,$c 2011 =300 ##$$a 102 hlm, ilus, 28 cm ; $c 24 x 18 cm. =650 #4$$a Sulaman =850 ##$$a NBPNMAT =020 ##$$a 978-979-22-6693-1 =084 ##$$a 746.44 BRA s =250 ##$$a Cet. 1 =700 #$$a Sandi =990 ##$$a 21102674 =990 ##$$a 21102674